| 000 | 00722cab a2200253 4500 | ||
|---|---|---|---|
| 001 | ABS51332 | ||
| 008 | 090401t1994 xxu||||| |||| 00| 0 eng d | ||
| 035 | _a(Sirsi) u22275 | ||
| 041 | _aeng | ||
| 100 | _aCastle, P. | ||
| 245 | 2 | _aA site manager`s dilemma | |
| 260 | _c1994 | ||
| 350 | _a0 | ||
| 490 |
_aBuilding _v259(7859) 9 September 1994, 37(1) |
||
| 520 | _aLooks at whether a site licence is required when reusing soil and rubble generated from the same or a different site. | ||
| 650 | _aCONSTRUCTION SITES | ||
| 650 | _aCONTROLLED WASTE | ||
| 650 | _aEC DIRECTIVES | ||
| 650 | _aREUSE | ||
| 650 | _aWASTE MANAGEMENT LICENCES | ||
| 690 | _aBUILT ENVIRONMENT | ||
| 942 | _n0 | ||
| 948 | _c04/03/1997 | ||
| 999 |
_c14920 _d14920 |
||